000 00360nam a2200157 i 4500
001 bg
245 0 _aFiziceskaja elektronika.
250 _aVyp. 19.
260 _aL'vov :
_b"Viscaja Skola",
_c1979.
300 _as. 166, nlb. 1 :
_brys., tab.
040 _cBPK
041 _apol
080 _a537
942 _cKS
008 s pl f |000 0 pol
999 _c9441
_d9441